| 000 | 00542 a2200169 4500 | ||
|---|---|---|---|
| 999 |
_c1021 _d1021 |
||
| 020 | _a9780071221863 | ||
| 050 | _aGE 105 CUN 2009 | ||
| 100 |
_aCunningham,William P _eathor |
||
| 245 |
_aPrinciples of environmental science: _binquiry and applications/ _cWilliam P Cunningham and Mary Ann Cunningham |
||
| 264 |
_aNew York: _bMcGraw-Hill, _c2009 |
||
| 300 | _a387p. | ||
| 500 | _aincludes index | ||
| 650 | _aenvironmental systems | ||
| 650 | _afood and agriculture | ||
| 700 |
_aCunningham Marry Ann _eauthor |
||
| 942 |
_2lcc _cBK _h105 _iCUN _kGE |
||